Estudios de ampliación de la historia de los códigos españoles y de sus instituciones sociales, civiles y políticas / (Record no. 52962)

MARC details
000 -LEADER
campo de control de longitud fija 00672nam a22001815i 4500
001 - NÚMERO DE CONTROL
campo de control 52962
003 - IDENTIFICADOR DE NÚMERO DE CONTROL
campo de control ES-MaACL
005 - FECHA Y HORA DE LA ÚLTIMA TRANSACCIÓN
campo de control 20230906162657.0
007 - CAMPO FIJO DE DESCRIPCIÓN FÍSICA--INFORMACIÓN GENERAL
campo de control de longitud fija t|
008 - DATOS DE LONGITUD FIJA--INFORMACIÓN GENERAL
campo de control de longitud fija 940301s1871 sp ||||1| spa d
040 ## - FUENTE DE CATALOGACIÓN
Centro catalogador/agencia de origen AS
Lengua de catalogación spa
100 1# - ENTRADA PRINCIPAL--NOMBRE DE PERSONA
Nombre de persona Domingo de Morató, Domingo Ramón.
9 (RLIN) 45138
245 10 - MENCIÓN DEL TÍTULO
Título Estudios de ampliación de la historia de los códigos españoles y de sus instituciones sociales, civiles y políticas /
Mención de responsabilidad, etc. por Domingo Ramón Domingo de Morató.
250 ## - MENCION DE EDICION
Mención de edición 2ª ed.
260 ## - PUBLICACIÓN, DISTRIBUCIÓN, ETC.
Lugar de publicación, distribución, etc. Valladolid :
Nombre del editor, distribuidor, etc. [s.n.],
Fecha de publicación, distribución, etc. 1871 (
Fabricante Imprenta y Librería Nacional y Estranjera [sic] de Hijos de Rodríguez)
300 ## - DESCRIPCIÓN FÍSICA
Extensión VII, 376 p. ;
Dimensiones 23 cm.
852 ## - LOCALIZACIÓN
Ubicación ES-MaACL
Número de control de estantería F-1822
Holdings
Estatus retirado Estado de pérdida Estado de daño No para préstamo Colección Biblioteca de origen Biblioteca actual Ubicación en estantería Fecha de adquisición Fuente de adquisición Total de préstamos Signatura topográfica completa Código de barras Visto por última vez Precio de reemplazo Tipo de ítem Koha
        Libros del s. XIX Biblioteca del Ateneo de Madrid Biblioteca del Ateneo de Madrid Depósito 2 17/01/2008     F-1822 1055656 23/02/2023 23/02/2023 Libro impreso antiguo